000
00252nam a2200109Ia 4500
008
220204s9999 xx 000 0 und d
082
_a
323
_b
SHA
100
_a
Sharma, R
245
0
_a
Who after Morarji
260
_a
New Delhi
_b
Pankaj
_c
1978
942
_c
BK
999
_c
28896
_d
28896